000 00702nam a2200205Ii 4500
003 JO-AjNU
008 230605s9999||||xx |||||||||||||| ||und||
040 _aJO-AjNU
_bara
_erda
_cJO-AjNU
041 _aara
050 1 4 _aHJ199.M3322 1995
100 3 _aتركي،محمود ابراهيم عبد السلام,
_eauthor
_964160
245 0 0 _aتحليل التقارير المالية
250 _aط2
264 3 1 _aالسعوديةكجامعة الملك سعود،1995
300 _a567ص
336 _atext
_btxt
_2rdacontent
337 _aunmediated
_bn
_2rdamedia
338 _avolume
_bnc
_2rdacarrier
650 4 _aاتخاذ القراارات -التجارة-تنظيم وادارة
_964161
999 _aA29141
_c32709
_d32709